1097 1466 1489 1795 1414 1923 1005 1948 1270 1042 1799 1829 1159 1814 1495 1829 1249 1511 1879 1446 1555 1404 1981 1925 1688 1998 1482 1248 1945 1908 1316 1031 1032 1303 1849 1203 1118 1964 1958 1350 1854 1132 1174 1978 1444 1558 1622 1325 1132 1566 1378 1384 1375 1596 1235 1980 1294 1425 1492 1587 1287 1696 1736 1564 1649 1849 1899 1524 1581 1607 1065 1905 1698 1829 1732 1126 1561 1929 1843 1164 1622 1519 1245 1795 1162 1642 1988 1588 1878 1877 1832 1628 1826 1689 1048 1160 1866 1190 1723 BCNSPRNW ULIB Ver.6.0+V

เปลี่ยนเป็นภาษาไทย

Change to English
 แสดงรายละเอียดบรรณานุกรม
  กลับหน้าหลัก

Brief Record : Get Marc (ISO 2709) : E-mail record : QR code < ปิดหน้าต่าง
LEADER : 00000nam 2200000uu 4500
001    13399111385
003     ULIB
008    110623s||||||||th 000 0 tha d
020    9789741060986
050  4 BQ2551^bพ355ส 2552
100 0  พระไพศาล วิสาโล,^d2500-
245 10 สุขแท้ด้วยปัญญา วิถีสู่สุขภาวะทางปัญญา /^cพระไพศาล วิสาโล
250    พิมพ์ครั้งที่ 2
260    กรุงเทพฯ :^bเครือข่ายพุทธิกา,^c2552
300    72 หน้า :^bภาพประกอบสี ;^c21 ซม.
536    สนับสนุนโดยสำนักงานกองทุนสนับสนุนการสร้างเสริมสุขภาพ (สสส.)
650  7 ธรรมะ (พุทธศาสนา)
650  7 การปฏิบัติธรรม
650  7 ความสุข^xแง่ศาสนา^xพุทธศาสนา
650  7 การดำเนินชีวิต
710 2  สำนักงานกองทุนสนับสนุนการสร้างเสริมสุขภาพ
945    ^p0^l0^i026401
945    ^p0^l0^i026402
995    ทศพร
999 ^a ใช้งานได้ทุกระบบ
รายการนี้ยังไม่มีแท็ก
คุณยังไม่ได้ล็อกอิน คุณสามารถมีกิจกรรมร่วมกับเว็บไซต์ได้ แต่ต้องล็อกอินก่อน ::
  ล็อกอิน

รายการสื่อสารสนเทศ

ลำดับที่ ประเภท เลขเรียก/บาร์โค้ด สถานที่ สถานะ
- ไม่พบข้อมูล -

รายการใกล้เคียง
    หัวเรื่อง [ธรรมะ (พุทธศาสนา)]
    หัวเรื่อง [การปฏิบัติธรรม]
    หัวเรื่อง [การดำเนินชีวิต]

BibComment


ยังไม่เคยถูกคอมเมนท์

คอมเมนท์ทรัพยากรรายการนี้
  คอมเมนท์: สุขแท้ด้วยปัญญา ว..


 Copyright 2026. Bcnsprnw @Library